000 00214 a2200097 4500
001 14701
100 _aS.F. Mahmud
245 _aThe story of Islam
260 _aLondon
_bOxford Univ press
_c
090 _c11486
_d11486
942 _aNUST-CAE
_cM
_c1654
999 _c249774
_d249774